European business review. Volume 19, Number 6, Assessing and building upon Wroe Alderson's intellectual legacy

Bibliographic Details
Corporate Author: ProQuest (Firm)
Other Authors: Shapiro, Stanley J., Svensson, Goran.
Format: Electronic eBook
Language:English
Published: Bradford : Emerald Insight, c2007.
Series:European business review ; 19, no. 6
Subjects:
Online Access:Click to View
LEADER 01310nam a2200337Ia 4500
001 EBC328720
003 MiAaPQ
005 20200520144314.0
006 m o d |
007 cr cn|||||||||
008 051220s2007 enk s 000 0 eng d
020 |z 9781846636844 
020 |z 9781846636851 
035 |a (MiAaPQ)EBC328720 
035 |a (Au-PeEL)EBL328720 
035 |a (CaPaEBR)ebr10211680 
035 |a (OCoLC)192132922 
040 |a MiAaPQ  |c MiAaPQ  |d MiAaPQ 
050 4 |a HF5415.2  |b .E8719 2007 
245 0 0 |a European business review.  |n Volume 19, Number 6,  |p Assessing and building upon Wroe Alderson's intellectual legacy  |h [electronic resource] /  |c guest editors: Professor Stanley J. Shapiro and Professor Goran Svensson. 
260 |a Bradford :  |b Emerald Insight,  |c c2007. 
300 |a 104 p. 
490 0 |a European business review ;  |v 19, no. 6 
533 |a Electronic reproduction. Ann Arbor, MI : ProQuest, 2015. Available via World Wide Web. Access may be limited to ProQuest affiliated libraries. 
600 1 0 |a Alderson, Wroe. 
650 0 |a Marketing research. 
655 4 |a Electronic books. 
700 1 |a Shapiro, Stanley J. 
700 1 |a Svensson, Goran. 
710 2 |a ProQuest (Firm) 
856 4 0 |u https://ebookcentral.proquest.com/lib/matrademy/detail.action?docID=328720  |z Click to View